|
|
|
|
| LEADER |
00000nab a2200000 a 4500 |
| 001 |
vtls000807823 |
| 003 |
SK-MaSNL |
| 005 |
20260304125821.0 |
| 008 |
250429c2002 xo 0 slo |
| 015 |
|
|
|a SNBRB2002/11-34884
|
| 035 |
|
|
|a CLN000159478
|
| 035 |
|
|
|a urn:nbn:sk:snk-aboje
|
| 035 |
|
|
|a (urnnbn)urn:nbn:sk:snk:ar-a04vf8
|
| 035 |
|
|
|a (uuid)7041b67e-a584-474e-b761-35ff05f44fbb
|
| 040 |
|
|
|a SNKBUCL
|b slo
|c SNKBUCL
|e AACR2
|
| 041 |
0 |
|
|a slo
|
| 044 |
|
|
|a xo
|c SK
|
| 080 |
|
|
|a 616.12-008.315-08:615.262.1
|2 1997
|
| 245 |
0 |
0 |
|a Survenue d'un arret cardiaque lors d'une chimiprophylaxie antipalustre par de la chloroquine
|c M. Léone ... [et al.]
|
| 246 |
1 |
1 |
|a Vznik zastavenia srdca počas chemoprofylaxie antimalarikom chloroquinom
|
| 500 |
|
|
|a Ann.Fr.Anesth.Réanim. 19, 2000, č. 6, s. 498
|
| 650 |
0 |
7 |
|a abstrakty
|2 snkbucl
|9 90504
|
| 650 |
0 |
7 |
|a arytmia
|x diagnóza
|x farmakoterapia
|x etiológia
|2 snkbucl
|9 1439353
|
| 650 |
0 |
7 |
|a resuscitácia
|x využitie
|2 snkbucl
|9 1439354
|
| 650 |
0 |
7 |
|a antimalariká
|x aplikácia a dávkovanie
|x nežiadúce účinky
|x terapeutické použitie
|2 snkbucl
|9 1439355
|
| 650 |
0 |
7 |
|a faktory rizikové
|2 snkbucl
|9 838956
|
| 650 |
0 |
7 |
|a chlorochín
|x nežiadúce účinky
|x aplikácia a dávkovanie
|2 snkbucl
|9 1439356
|
| 655 |
|
7 |
|a články z novín a časopisov
|2 snkbucl
|9 267496
|
| 700 |
1 |
|
|a Kolkus, Milan,
|d 1941-
|4 trl
|9 8753
|
| 700 |
1 |
|
|a Léone, M.
|4 aut
|9 1403576
|
| 700 |
1 |
|
|a Ventré, C.
|4 aut
|9 1439357
|
| 700 |
1 |
|
|a Albanése, J.
|4 aut
|9 1439358
|
| 700 |
1 |
|
|a Martin, C.
|4 aut
|9 1439359
|
| 773 |
0 |
|
|t Medicina militaris slovaca
|g Roč. 4, č. 1 (2002), s. 48-49
|x 1335-5139
|
| 850 |
|
|
|a Slovenská národná knižnica
|
| 852 |
|
|
|a Slovenská národná knižnica
|
| 954 |
|
|
|a odborná, vedecká literatúra pôvodná (slovenská)
|2 lita
|
| 958 |
|
|
|a article27
|
| 958 |
|
|
|a MI
|
| 958 |
|
|
|a OND
|
| 958 |
|
|
|a EUIPO
|
| 999 |
|
|
|c 2894713
|d 2896643
|